The Green book : Singapore industrial, and commercial guide.
| Format: | Book |
|---|---|
| Published: |
Singapore:
Promedia Directories,
2008.
|
| Subjects: |
| LEADER | 00538cam a2200145 7i4500 | ||
|---|---|---|---|
| 001 | 0000022562 | ||
| 005 | 20130819090000.0 | ||
| 090 | 0 | 0 | |a CD 338.74025 |b GRE (SING) |
| 245 | 0 | 0 | |a The Green book : |b Singapore industrial, and commercial guide. |
| 260 | 0 | 0 | |a Singapore: |b Promedia Directories, |c 2008. |
| 300 | # | # | |a Electronic computer optical disc[CD-ROM]. |
| 650 | 0 | 0 | |a Business -- |x Directories -- |z Singapore |
| 650 | 0 | 0 | |a Consumer -- |x Directories -- |z Singapore |
| 651 | 0 | 0 | |a Singapore |
| 999 | |a CDR000760H |b CD-ROM |c AV Collection |e Business Information Centre | ||